[Event "XII Open A"]
[Site "Bergamo ITA"]
[Date "2013.07.20"]
[Round "3"]
[White "Foo, William J."]
[Black "Napoli, Nicolo'"]
[WhiteElo "2090"]
[BlackElo "2291"]
[Result "1-0"]
[PlyCount "119"]
[EventDate "2013.07.19"]

1. e4 e6 2. d4 d5 3. Nc3 Nf6 4. Bg5 dxe4 5. Nxe4 Be7 6. Nxf6+ gxf6 7. Be3 Nd7
8. Qf3 Nb6 9. O-O-O Qd5 10. Qxd5 Nxd5 11. Bd2 Bd7 12. Ne2 c5 13. Nc3 Nxc3 14.
Bxc3 Rg8 15. d5 e5 16. f4 O-O-O 17. Re1 Rde8 18. fxe5 fxe5 19. Rxe5 Bg5+ 20.
Kb1 Rxe5 21. Bxe5 Re8 22. Bg3 f5 23. Bd3 Be3 24. c4 f4 25. Bh4 Rg8 26. Be4 b5
27. cxb5 Bxb5 28. g3 Rf8 29. Be7 Re8 30. d6 h6 31. gxf4 Bxf4 32. Bf5+ Bd7 33.
Bd3 Kb7 34. h4 Rg8 35. Rd1 Kb6 36. Rf1 Be5 37. Bf5 Kc6 38. Be4+ Kb6 39. Bd5 Rg3
40. Rf8 c4 41. Bxc4 Rg2 42. Rb8+ Kc5 43. Be6 Rg1+ 44. Kc2 Ba4+ 45. b3 Rg2+ 46.
Kd1 Rg1+ 47. Kd2 Rg2+ 48. Ke1 Rg1+ 49. Ke2 Bb5+ 50. Rxb5+ Kxb5 51. d7 Bc7 52.
Bc4+ Kc6 53. d8=Q Bxd8 54. Bxd8 Rg2+ 55. Kf3 Rxa2 56. Kg4 Kd7 57. Bf6 Ra5 58.
Bg7 h5+ 59. Kf4 Ke7 60. Bc3 1-0

[Event "XII Open A"]
[Site "Bergamo ITA"]
[Date "2013.07.20"]
[Round "3"]
[White "Gagliardi, Christian"]
[Black "Bellavita, Guido"]
[WhiteElo "2215"]
[BlackElo "2031"]
[Result "1-0"]
[PlyCount "77"]
[EventDate "2013.07.19"]

1. d4 e6 2. Nf3 f5 3. Bf4 Nf6 4. e3 b6 5. h3 Bb7 6. Nbd2 Be7 7. Bc4 a5 8. a4
O-O 9. Qe2 d5 10. Bd3 Bd6 11. Ne5 Nc6 12. Nxc6 Bxc6 13. c3 Qd7 14. b3 Ne4 15.
Bxe4 fxe4 16. Bxd6 cxd6 17. O-O Rf6 18. f3 Rg6 19. fxe4 dxe4 20. c4 Qe7 21.
Rac1 Qh4 22. Qf2 Qxf2+ 23. Rxf2 Rf6 24. Rxf6 gxf6 25. Kf2 Kf7 26. Nf1 Rg8 27.
Ng3 f5 28. d5 Bd7 29. dxe6+ Kxe6 30. Ne2 Ke5 31. Rd1 Be6 32. Nf4 Rc8 33. Kg3
Rc5 34. Nxe6 Kxe6 35. Kf4 Re5 36. g3 Rc5 37. Rd4 h6 38. g4 Re5 39. g5 1-0

[Event "XII Open A"]
[Site "Bergamo ITA"]
[Date "2013.07.20"]
[Round "3"]
[White "Giretti Kanev, Jasen"]
[Black "Buiano, Fabio"]
[WhiteElo "2191"]
[BlackElo "2029"]
[Result "1/2-1/2"]
[PlyCount "58"]
[EventDate "2013.07.19"]

1. e4 c5 2. Nf3 g6 3. Bc4 Bg7 4. O-O Nc6 5. c3 e6 6. d4 cxd4 7. cxd4 d5 8. exd5
exd5 9. Bb5 Nge7 10. Bg5 f6 11. Bf4 O-O 12. h3 Be6 13. Re1 Bf7 14. Nc3 Nf5 15.
Qa4 h5 16. Bxc6 bxc6 17. g4 hxg4 18. hxg4 Ne7 19. Qa3 Re8 20. Qd6 Qc8 21. Bg3
Qb7 22. Na4 Rad8 23. Qa3 Qc8 24. Nc5 Qxg4 25. Nh2 Qh3 26. Nb7 Rd7 27. Nc5 Rdd8
28. Nb7 Rd7 29. Nc5 Rdd8 1/2-1/2

[Event "XII Open A"]
[Site "Bergamo ITA"]
[Date "2013.07.20"]
[Round "3"]
[White "Ivanisevic, Ivan"]
[Black "Farago, Ivan"]
[WhiteElo "2649"]
[BlackElo "2447"]
[Result "1/2-1/2"]
[PlyCount "86"]
[EventDate "2013.07.19"]

1. b3 d5 2. Bb2 Nf6 3. e3 c6 4. c4 Bg4 5. f3 Bf5 6. cxd5 cxd5 7. g4 Bg6 8. f4
e6 9. g5 Nfd7 10. Nf3 h6 11. Rg1 Nc6 12. Bb5 Rc8 13. Qe2 a6 14. Bxc6 Rxc6 15.
Nc3 hxg5 16. Rxg5 Rh6 17. O-O-O Be7 18. Rxg6 Rxg6 19. Nd4 Rc8 20. f5 Rh6 21.
fxe6 fxe6 22. Rg1 Bf6 23. Kb1 Bxd4 24. exd4 Qf6 25. a4 Kd8 26. Rf1 Rxh2 27.
Qxh2 Qxf1+ 28. Ka2 Qf6 29. Qh8+ Nf8 30. a5 Ke8 31. Qh5+ Ng6 32. Na4 Rc2 33. Qd1
Qf5 34. Nc5 Ne7 35. Ka3 Kf7 36. Bc3 Nc6 37. Nxb7 Kg8 38. Nd6 Qg6 39. Qe2 Nb8
40. Qe1 Nc6 41. Qf2 Nb8 42. Qe1 Nc6 43. Qf1 Nb8 1/2-1/2

[Event "XII Open A"]
[Site "Bergamo ITA"]
[Date "2013.07.20"]
[Round "3"]
[White "Kupresakovic, Marko"]
[Black "Granaldi, Alessandro"]
[WhiteElo "1926"]
[BlackElo "2114"]
[Result "0-1"]
[PlyCount "62"]
[EventDate "2013.07.19"]

1. d4 Nf6 2. c4 c5 3. Nf3 cxd4 4. Nxd4 e5 5. Nf3 Nc6 6. Nc3 Bb4 7. Bd2 O-O 8.
a3 Bxc3 9. Bxc3 Ne4 10. Qd3 Nxc3 11. Qxc3 d5 12. cxd5 Qxd5 13. Rd1 Qe6 14. e3
e4 15. Nd4 Nxd4 16. Qxd4 Qg6 17. h4 Bg4 18. Rd2 Rfc8 19. Be2 Rc1+ 20. Rd1 Rxd1+
21. Bxd1 Bxd1 22. Qxd1 Qxg2 23. Rf1 Qh3 24. h5 h6 25. Rg1 Rc8 26. b4 b5 27. Qa1
f6 28. Qd1 Qe6 29. Rg3 Qc4 30. Rg4 Qc3+ 31. Ke2 Qb2+ 0-1

[Event "XII Open A"]
[Site "Bergamo ITA"]
[Date "2013.07.20"]
[Round "3"]
[White "Maurer, Jochen"]
[Black "Movileanu, Daniela"]
[WhiteElo "2293"]
[BlackElo "2030"]
[Result "1/2-1/2"]
[PlyCount "113"]
[EventDate "2013.07.19"]

1. e4 c5 2. Nf3 g6 3. Bc4 Bg7 4. O-O Nc6 5. c3 e6 6. d4 cxd4 7. Nxd4 d5 8. exd5
exd5 9. Bb5 Nge7 10. Bg5 f6 11. Be3 O-O 12. Nd2 Ne5 13. a4 Nf5 14. Nxf5 Bxf5
15. Nb3 a6 16. Be2 Nc4 17. Bxc4 dxc4 18. Nd4 Qd7 19. Nxf5 Qxf5 20. Bb6 Rfe8 21.
Re1 Re6 22. Qd4 Rc8 23. Rad1 Bf8 24. a5 Rd6 25. Qe3 Rcc6 26. h3 Re6 27. Qd4
Red6 28. Qh4 Rxd1 29. Rxd1 Bd6 30. Qd4 Kg7 31. Qe3 Qe5 32. Qxe5 fxe5 33. Kf1
Kf7 34. Ke2 Ke6 35. Kf3 Bc7 36. Bxc7 Rxc7 37. Ra1 Rc5 38. Ra4 Kd5 39. Rb4 Kc6
40. Ke4 Rxa5 41. Rxc4+ Kd6 42. b4 Ra2 43. Ke3 Rc2 44. g3 g5 45. Rc8 Kd7 46. Rc5
Kd6 47. Kf3 h5 48. Rc4 b5 49. Rc5 a5 50. Rxb5 Rxc3+ 51. Ke2 axb4 52. Rxb4 Kc5
53. Rb2 Kd6 54. Rb8 h4 55. Rb6+ Kd5 56. Rb5+ Ke6 57. Rb6+ 1/2-1/2

[Event "XII Open A"]
[Site "Bergamo ITA"]
[Date "2013.07.20"]
[Round "3"]
[White "Messina, Enrico"]
[Black "Bonassi, Tommaso"]
[WhiteElo "2247"]
[BlackElo "1944"]
[Result "0-1"]
[PlyCount "92"]
[EventDate "2013.07.19"]

1. e4 c5 2. d4 cxd4 3. c3 d3 4. Bxd3 d6 5. c4 Nf6 6. h3 Nc6 7. Nc3 e6 8. Nf3
Be7 9. O-O a6 10. Be3 O-O 11. Rc1 Qc7 12. Bb1 Ne5 13. Nd2 Bd7 14. f4 Ng6 15.
Qe2 Rac8 16. Bd3 Bc6 17. Nf3 Nh5 18. Qd2 Ng3 19. Rf2 Nh4 20. Kh2 Nh5 21. Qe2 g6
22. Nd4 e5 23. Nxc6 bxc6 24. g3 exf4 25. gxf4 f5 26. Rg1 Ng7 27. c5 fxe4 28.
Nxe4 d5 29. Nd6 Bxd6 30. cxd6 Qxd6 31. Qg4 Nhf5 32. Bd2 c5 33. Re2 c4 34. Bxf5
Rxf5 35. Rg3 Qf6 36. Re5 Rf8 37. Qe2 Rxe5 38. fxe5 Qf2+ 39. Rg2 Qxe2 40. Rxe2
Ne6 41. Bb4 Rf5 42. Bd6 d4 43. Kg3 d3 44. Rd2 Nd4 45. b3 Ne2+ 46. Kg2 c3 0-1

[Event "XII Open A"]
[Site "Bergamo ITA"]
[Date "2013.07.20"]
[Round "3"]
[White "Messina, Roberta"]
[Black "Ganci, Stefano"]
[WhiteElo "2089"]
[BlackElo "1947"]
[Result "1-0"]
[PlyCount "65"]
[EventDate "2013.07.19"]

1. c4 b6 2. Nc3 Bb7 3. e4 e6 4. Bd3 Ne7 5. Qe2 Nbc6 6. Nf3 Ng6 7. g3 Bd6 8. Bc2
Nb4 9. Bb1 c5 10. d4 cxd4 11. Nxd4 O-O 12. O-O Rc8 13. Rd1 Be5 14. Ndb5 Bb8 15.
Nd6 Bxd6 16. Rxd6 Rc6 17. Rd1 d6 18. a3 Na6 19. b4 Rc7 20. Nb5 Rd7 21. Nxa7 d5
22. cxd5 exd5 23. Bb2 dxe4 24. Rxd7 Qxd7 25. Nb5 Re8 26. Ba2 Qh3 27. Nd6 e3 28.
Nxb7 Re4 29. Nd6 Nh4 30. gxh4 exf2+ 31. Qxf2 Rg4+ 32. Kh1 Rxh4 33. Qxf7+ 1-0

[Event "XII Open A"]
[Site "Bergamo ITA"]
[Date "2013.07.20"]
[Round "3"]
[White "Montilli, Vincenzo"]
[Black "Caprio, Guido"]
[WhiteElo "2015"]
[BlackElo "2415"]
[Result "0-1"]
[PlyCount "82"]
[EventDate "2013.07.19"]

1. d4 Nf6 2. c4 e6 3. Nc3 d5 4. cxd5 exd5 5. Bg5 c6 6. Qc2 Be7 7. e3 Nbd7 8.
Bd3 O-O 9. Nf3 Re8 10. O-O Nf8 11. Rab1 a5 12. a3 Ng6 13. Ne5 Ng4 14. Bxe7 Qxe7
15. Nxg4 Bxg4 16. h3 Bd7 17. Bf5 Bxf5 18. Qxf5 Nh4 19. Qf4 g6 20. g3 Nf5 21.
Na4 Nd6 22. Nc5 Nc4 23. Rfd1 b6 24. Nd3 Qd7 25. Qh6 a4 26. Kg2 Re4 27. Re1 f6
28. Rbd1 Rae8 29. g4 Nd6 30. Qh4 Nf5 31. Qxf6 R8e6 32. Ne5 R4xe5 33. Qxe5 Rxe5
34. dxe5 Nh4+ 35. Kg3 g5 36. f4 Ng6 37. Rd4 c5 38. Rd2 Qf7 39. Rf2 d4 40. fxg5
Qd7 41. h4 Nxe5 0-1

[Event "XII Open A"]
[Site "Bergamo ITA"]
[Date "2013.07.20"]
[Round "3"]
[White "Negro, Roberto"]
[Black "Ventura, Salvatore"]
[WhiteElo "2185"]
[BlackElo "2017"]
[Result "1/2-1/2"]
[PlyCount "50"]
[EventDate "2013.07.19"]

1. c4 c5 2. g3 Nc6 3. Bg2 Nf6 4. Nc3 g6 5. Nf3 Bg7 6. d4 cxd4 7. Nxd4 Nxd4 8.
Qxd4 O-O 9. O-O d6 10. Qd3 a6 11. Bg5 h6 12. Bd2 Rb8 13. Rac1 Bd7 14. b3 Bc6
15. Nd5 Nxd5 16. cxd5 Bb5 17. Qe3 Re8 18. a4 Bd7 19. Bc3 b5 20. Bxg7 Kxg7 21.
Qd4+ f6 22. axb5 Rxb5 23. Qa7 Rxb3 24. Qxa6 Qb6 25. Qxb6 Rxb6 1/2-1/2

[Event "XII Open A"]
[Site "Bergamo ITA"]
[Date "2013.07.20"]
[Round "3"]
[White "Pienabarca, Nicola"]
[Black "Migliorini, Matteo"]
[WhiteElo "2115"]
[BlackElo "2006"]
[Result "1/2-1/2"]
[PlyCount "46"]
[EventDate "2013.07.19"]

1. d4 Nf6 2. c4 g6 3. Nc3 d5 4. cxd5 Nxd5 5. e4 Nxc3 6. bxc3 Bg7 7. Be3 c5 8.
Qd2 Qa5 9. Rc1 O-O 10. Nf3 Rd8 11. d5 Nc6 12. Be2 Bg4 13. O-O e6 14. Rfd1 exd5
15. exd5 Bxf3 16. Bxf3 Ne5 17. Be2 c4 18. Qb2 Rxd5 19. Qxb7 Rad8 20. Rxd5 Rxd5
21. Bxc4 Nxc4 22. Qc8+ Rd8 23. Qxc4 Bxc3 1/2-1/2

[Event "XII Open A"]
[Site "Bergamo ITA"]
[Date "2013.07.20"]
[Round "3"]
[White "Quaranta, Cristiano"]
[Black "Ranfagni, Stefano"]
[WhiteElo "2168"]
[BlackElo "2037"]
[Result "1/2-1/2"]
[PlyCount "68"]
[EventDate "2013.07.19"]

1. d4 e6 2. e4 d5 3. Nc3 dxe4 4. Nxe4 Nd7 5. Nf3 Ngf6 6. Bd3 Nxe4 7. Bxe4 Nf6
8. Bg5 Be7 9. Bxf6 Bxf6 10. Qd3 g6 11. O-O-O c6 12. h4 Qa5 13. Kb1 Bd7 14. Ne5
Bxe5 15. dxe5 O-O-O 16. f4 c5 17. Qf3 Qb6 18. g4 Bc6 19. Bxc6 Qxc6 20. Qxc6+
bxc6 21. Kc1 Rd5 22. c4 Rd4 23. Rxd4 cxd4 24. Rh3 c5 25. Ra3 Kb7 26. Ra5 Kb6
27. Rb5+ Kc6 28. Kc2 Rd8 29. Kd3 a6 30. Ra5 Kb6 31. Ra4 a5 32. a3 Rd7 33. b4
Ra7 34. Ke4 axb4 1/2-1/2

[Event "XII Open A"]
[Site "Bergamo ITA"]
[Date "2013.07.20"]
[Round "3"]
[White "Rota, Simone"]
[Black "Chiaretti, Roberto"]
[WhiteElo "2037"]
[BlackElo "2212"]
[Result "0-1"]
[PlyCount "86"]
[EventDate "2013.07.19"]

1. d4 Nf6 2. c4 e6 3. Nf3 c5 4. d5 exd5 5. cxd5 d6 6. Nc3 g6 7. g3 Bg7 8. Bg2
O-O 9. O-O Re8 10. Nd2 a6 11. a4 Nbd7 12. Nc4 Ne5 13. Nxe5 Rxe5 14. h3 b6 15.
e4 Rb8 16. Bf4 Re8 17. Qc2 b5 18. axb5 axb5 19. g4 Qc7 20. Rfe1 b4 21. Ne2 b3
22. Qb1 Nd7 23. Bg3 Nb6 24. Qc1 Bd7 25. Nc3 Ra8 26. Rxa8 Nxa8 27. Qd2 Nb6 28.
Bf1 Ra8 29. e5 dxe5 30. d6 Qc8 31. Bxe5 Bxe5 32. Rxe5 Ra1 33. Qf4 Be6 34. Ne4
Nd7 35. Rxe6 fxe6 36. Nf6+ Nxf6 37. Qxf6 Qd7 38. Qe5 c4 39. Qc5 c3 40. Qxc3
Qxd6 41. Qxb3 Qa6 42. Qb8+ Kf7 43. Qf4+ Ke8 0-1

[Event "XII Open A"]
[Site "Bergamo ITA"]
[Date "2013.07.20"]
[Round "3"]
[White "Sgnaolin, Davide"]
[Black "Siclari, Giovanni"]
[WhiteElo "2258"]
[BlackElo "2054"]
[Result "1-0"]
[PlyCount "41"]
[EventDate "2013.07.19"]

1. c4 Nf6 2. Nc3 e5 3. g3 Bb4 4. Bg2 O-O 5. Nf3 Nc6 6. O-O e4 7. Ne1 Bxc3 8.
dxc3 Re8 9. Bg5 h6 10. Bxf6 Qxf6 11. Nc2 d6 12. Ne3 Ne5 13. Qd4 Bg4 14. f4 exf3
15. Nxg4 Nxg4 16. Qxg4 Rxe2 17. Bxf3 Rxb2 18. Bxb7 Qxc3 19. Bxa8 Qc2 20. Qc8+
Kh7 21. Qf5+ 1-0

[Event "XII Open A"]
[Site "Bergamo ITA"]
[Date "2013.07.20"]
[Round "3"]
[White "Simonetto, Adriano"]
[Black "Bargeri, Ludovico"]
[WhiteElo "2026"]
[BlackElo "2054"]
[Result "1/2-1/2"]
[PlyCount "29"]
[EventDate "2013.07.19"]

1. d4 Nf6 2. c4 e6 3. Nc3 Bb4 4. e3 O-O 5. Bd3 d5 6. Nge2 c5 7. a3 cxd4 8. exd4
dxc4 9. Bxc4 Be7 10. O-O Nbd7 11. Bg5 Nb6 12. Ba2 Nbd5 13. Nxd5 Nxd5 14. Bxe7
Nxe7 15. Nc3 1/2-1/2

[Event "XII Open A"]
[Site "Bergamo ITA"]
[Date "2013.07.20"]
[Round "3"]
[White "Sirena, Gianni"]
[Black "Guerra, Alessandro"]
[WhiteElo "2014"]
[BlackElo "2212"]
[Result "0-1"]
[PlyCount "54"]
[EventDate "2013.07.19"]

1. e4 c6 2. d4 d5 3. Nc3 dxe4 4. Nxe4 Nf6 5. Nxf6+ exf6 6. Nf3 Bd6 7. Be3 O-O
8. Qd2 a5 9. Bd3 Na6 10. c3 Nb4 11. O-O Nxd3 12. Qxd3 g6 13. Bh6 Bf5 14. Qd2
Re8 15. Rfe1 Be4 16. Bf4 Re6 17. Bxd6 Qxd6 18. Re3 a4 19. a3 Qd5 20. Rae1 Rae8
21. Qe2 b5 22. Qf1 Bxf3 23. gxf3 Qg5+ 24. Kh1 Rxe3 25. Rxe3 Rxe3 26. fxe3 Qxe3
27. h4 Qd2 0-1

[Event "XII Open A"]
[Site "Bergamo ITA"]
[Date "2013.07.20"]
[Round "3"]
[White "Solodovnichenko, Yuri"]
[Black "Molina, Fabrizio"]
[WhiteElo "2555"]
[BlackElo "2248"]
[Result "1-0"]
[PlyCount "107"]
[EventDate "2013.07.19"]

1. e4 e5 2. Nf3 Nc6 3. d4 exd4 4. Nxd4 Bc5 5. Nb3 Bb4+ 6. c3 Be7 7. Bf4 d6 8.
N1d2 Bf6 9. Be2 Nge7 10. O-O Ng6 11. Be3 O-O 12. f4 Re8 13. Bd3 Bd7 14. Qf3 Qc8
15. h3 a5 16. Nd4 a4 17. Rae1 Nh4 18. Qg3 Ng6 19. N2f3 Ra5 20. Qf2 Nxd4 21.
cxd4 Bb5 22. Qd2 Bxd3 23. Qxd3 Qd7 24. f5 Nf8 25. Bd2 Qb5 26. Qc2 Ra6 27. Bc3
Nd7 28. Qd2 a3 29. b3 c5 30. e5 Bd8 31. e6 fxe6 32. fxe6 Nf6 33. d5 c4 34. bxc4
Qxc4 35. e7 Bb6+ 36. Kh2 Nxd5 37. Bxg7 Ba5 38. Qg5 Qf4+ 39. Qxf4 Nxf4 40. Re4
Kxg7 41. Rxf4 d5 42. g3 Bc7 43. Rf5 Rxe7 44. Nd4 Rg6 45. R5f3 Re4 46. Rf7+ Kh6
47. Nf5+ Kg5 48. Rxc7 Re2+ 49. Kg1 Rxa2 50. Rxh7 Rb2 51. Nd4 Rgb6 52. Rg7+ Kh5
53. g4+ Kh4 54. Nf5+ 1-0

[Event "XII Open A"]
[Site "Bergamo ITA"]
[Date "2013.07.20"]
[Round "3"]
[White "Solomon, Kenny"]
[Black "Georgiev, Kiril D."]
[WhiteElo "2410"]
[BlackElo "2636"]
[Result "0-1"]
[PlyCount "84"]
[EventDate "2013.07.19"]

1. d4 Nf6 2. c4 e6 3. Nf3 b6 4. g3 Ba6 5. Qc2 c6 6. e4 d5 7. cxd5 Bxf1 8. Kxf1
exd5 9. e5 Nfd7 10. h4 Be7 11. Kg2 Nf8 12. Be3 Qd7 13. Nc3 Na6 14. Rac1 Ne6 15.
Ng5 c5 16. Nf3 Nac7 17. Ne2 h6 18. b3 O-O 19. Qf5 Rad8 20. Qd3 a5 21. h5 a4 22.
Nh4 axb3 23. axb3 Qb5 24. Qc2 Rfe8 25. Nf5 Bf8 26. Rhd1 Qd7 27. f4 Nb5 28. Bf2
Rc8 29. Qd3 Red8 30. dxc5 bxc5 31. Qf3 d4 32. Kh2 Ra8 33. Qg4 Kh8 34. Rd2 Qd5
35. Ng1 Qxb3 36. Nf3 Ra2 37. Rxa2 Qxa2 38. Kg1 Nc3 39. Rf1 d3 40. Nxh6 gxh6 41.
f5 d2 42. fxe6 d1=Q 0-1

[Event "XII Open A"]
[Site "Bergamo ITA"]
[Date "2013.07.20"]
[Round "3"]
[White "Srebrnic, Vojko"]
[Black "Godena, Michele"]
[WhiteElo "2184"]
[BlackElo "2524"]
[Result "1/2-1/2"]
[PlyCount "152"]
[EventDate "2013.07.19"]

1. e4 e5 2. Nc3 Nf6 3. Bc4 Nc6 4. d3 Na5 5. Qf3 c6 6. Nge2 d6 7. a4 Nxc4 8.
dxc4 Be7 9. O-O O-O 10. Ng3 Bg4 11. Qd3 Be6 12. Rd1 Qc7 13. Bg5 h6 14. Bxf6
Bxf6 15. Qxd6 Qxd6 16. Rxd6 Bxc4 17. Nf5 Be6 18. Rad1 g6 19. Ne3 Be7 20. R6d3
h5 21. b3 Rfd8 22. Rxd8+ Bxd8 23. Nc4 Bc7 24. Kf1 Kf8 25. Ke2 a6 26. Ra1 Ke7
27. a5 Rd8 28. Nb2 Bb8 29. Nd3 Ba7 30. Na4 f5 31. Ndc5 fxe4 32. Nxe4 Bf5 33. f3
Bxe4 34. fxe4 Rd4 35. Nc3 Bc5 36. Rd1 Rxd1 37. Kxd1 Bb4 38. Na4 Kd8 39. Ke2
Bxa5 40. Nc5 Bb6 41. Ne6+ Ke7 42. Ng5 Ba7 43. h3 b5 44. Kd3 Bb6 45. Nf3 Bc7 46.
Nh4 Kf6 47. Nf3 Bd8 48. Kc3 a5 49. Kb2 Ke6 50. Kc3 Kd6 51. Ne1 a4 52. Nd3 Ba5+
53. Kb2 axb3 54. Kxb3 Bd2 55. c3 Be3 56. Kb4 Bd2 57. Kb3 Bg5 58. Kb4 Be7 59.
Kb3 Ke6 60. Ne1 Bh4 61. Nf3 Bg3 62. Kc2 Kf6 63. Kd3 g5 64. Nd2 g4 65. hxg4 hxg4
66. Nb3 Bf2 67. Na5 c5 68. c4 b4 69. Ke2 Bd4 70. g3 Ke6 71. Nb3 Kd6 72. Kf1 Be3
73. Ke2 Bh6 74. Kf2 Bg5 75. Ke2 Bh6 76. Kf2 Bg5 1/2-1/2

[Event "XII Open A"]
[Site "Bergamo ITA"]
[Date "2013.07.20"]
[Round "4"]
[White "Aghayev, Miragha"]
[Black "Guerra, Alessandro"]
[WhiteElo "2299"]
[BlackElo "2212"]
[Result "0-1"]
[PlyCount "80"]
[EventDate "2013.07.19"]

1. e4 c6 2. d4 d5 3. Nd2 dxe4 4. Nxe4 Nf6 5. Nxf6+ exf6 6. c3 Bd6 7. Bd3 O-O 8.
Qc2 h6 9. Ne2 Qc7 10. Bd2 Nd7 11. O-O-O c5 12. h4 Re8 13. g4 f5 14. gxf5 c4 15.
Be4 Nf6 16. f3 Bxf5 17. Bxf5 Rxe2 18. Kb1 Rae8 19. Qc1 Qa5 20. Bc2 Qh5 21. Rdg1
Kf8 22. Ka1 b5 23. Rh3 Rf2 24. Re1 Ree2 25. Rxe2 Rxe2 26. Qd1 Rg2 27. Qe1 Bh2
28. Qd1 Qd5 29. Be4 Nxe4 30. fxe4 Qh5 31. Qc1 Rg1 32. Rxh2 Rxc1+ 33. Bxc1 Qd1
34. Kb1 Qd3+ 35. Ka1 Qxe4 36. a3 Qe1 37. Kb1 f5 38. Rd2 f4 39. d5 f3 40. d6
Qxd2 0-1

[Event "XII Open A"]
[Site "Bergamo ITA"]
[Date "2013.07.20"]
[Round "4"]
[White "Bardone, Lorenzo"]
[Black "Cattaneo, Marco"]
[WhiteElo "1988"]
[BlackElo "2079"]
[Result "1/2-1/2"]
[PlyCount "51"]
[EventDate "2013.07.19"]

1. e4 c5 2. Nf3 g6 3. c3 Bg7 4. d4 cxd4 5. cxd4 d5 6. e5 Bg4 7. Be2 Nc6 8. Nc3
Nh6 9. Qb3 Bxf3 10. Bxf3 e6 11. Bxh6 Bxh6 12. Rd1 b6 13. Be2 O-O 14. O-O Na5
15. Qa4 Rc8 16. f4 f6 17. exf6 Qxf6 18. g3 Rf7 19. Bg4 Rd8 20. Rfe1 Re7 21. b3
Bg7 22. Re5 Qf7 23. Re3 h5 24. Bh3 Qf6 25. Re5 Qf7 26. Re3 1/2-1/2

[Event "XII Open A"]
[Site "Bergamo ITA"]
[Date "2013.07.20"]
[Round "4"]
[White "Bargeri, Ludovico"]
[Black "Sirena, Gianni"]
[WhiteElo "2054"]
[BlackElo "2014"]
[Result "1/2-1/2"]
[PlyCount "102"]
[EventDate "2013.07.19"]

1. d4 Nf6 2. c4 c5 3. d5 b5 4. cxb5 a6 5. bxa6 g6 6. Nc3 Bxa6 7. Nf3 Bg7 8. e4
Bxf1 9. Kxf1 d6 10. g3 O-O 11. Kg2 Nbd7 12. a4 Ra6 13. Qc2 Qa8 14. Bg5 Rb8 15.
b3 e6 16. Bxf6 Nxf6 17. dxe6 fxe6 18. Rhe1 d5 19. Rab1 Ng4 20. h3 Bxc3 21. Qxc3
dxe4 22. hxg4 exf3+ 23. Qxf3 Qxf3+ 24. Kxf3 Rab6 25. Rbc1 Rxb3+ 26. Kg2 R3b4
27. Rxc5 Rxa4 28. Rxe6 Ra7 29. g5 Rf7 30. f4 Rbf8 31. Kf3 Kg7 32. Rce5 Ra8 33.
Re8 Rxe8 34. Rxe8 h6 35. gxh6+ Kxh6 36. g4 Kg7 37. Ke4 Ra7 38. Rd8 Re7+ 39. Kf3
Ra7 40. Kg3 Rf7 41. Rd6 Rb7 42. Kh4 Ra7 43. Kg5 Ra5+ 44. f5 gxf5 45. Rd7+ Kf8
46. gxf5 Ra6 47. Rh7 Kg8 48. Re7 Kf8 49. Rb7 Rc6 50. Rb8+ Kf7 51. Rb7+ Kf8
1/2-1/2

[Event "XII Open A"]
[Site "Bergamo ITA"]
[Date "2013.07.20"]
[Round "4"]
[White "Bellavita, Guido"]
[Black "Messina, Roberta"]
[WhiteElo "2031"]
[BlackElo "2089"]
[Result "0-1"]
[PlyCount "72"]
[EventDate "2013.07.19"]

1. d4 d5 2. Nf3 Nf6 3. e3 e6 4. Bd3 c6 5. O-O Nbd7 6. b3 Be7 7. Bb2 Qc7 8. Nbd2
b6 9. Ne5 Nxe5 10. dxe5 Nd7 11. Qg4 Bf8 12. f4 Bb7 13. Nf3 Nc5 14. Be2 Ba6 15.
Bxa6 Nxa6 16. c4 dxc4 17. f5 exf5 18. Qxc4 Nc5 19. Rac1 Be7 20. Qc2 g6 21. b4
Ne6 22. a3 c5 23. bxc5 Bxc5 24. Qa4+ Qd7 25. Qb3 O-O 26. Rfd1 Qe7 27. Nd4 Rac8
28. g3 Rfd8 29. Kf2 Ng5 30. e6 fxe6 31. Nf3 Nxf3 32. Kxf3 Qb7+ 33. Kf2 Qe4 34.
Rc4 Bxe3+ 35. Qxe3 Qxc4 36. Rc1 Qd5 0-1

[Event "XII Open A"]
[Site "Bergamo ITA"]
[Date "2013.07.20"]
[Round "4"]
[White "Bonassi, Tommaso"]
[Black "Pienabarca, Nicola"]
[WhiteElo "1944"]
[BlackElo "2115"]
[Result "0-1"]
[PlyCount "64"]
[EventDate "2013.07.19"]

1. e4 e5 2. Nf3 Nc6 3. Bc4 Nf6 4. d3 Be7 5. c3 O-O 6. Bb3 d5 7. Qe2 d4 8. O-O
Bg4 9. Rd1 Na5 10. Bc2 c5 11. a4 Nc6 12. Nbd2 a6 13. Nf1 b5 14. Ng3 dxc3 15.
bxc3 b4 16. Bb2 bxc3 17. Bxc3 Nd4 18. Bxd4 cxd4 19. Bb3 Rb8 20. Bc4 Qa5 21. Qc2
Rb4 22. Rdb1 Nh5 23. Rxb4 Bxb4 24. Ng5 Nxg3 25. Bxf7+ Kh8 26. hxg3 Qd8 27. f4
h6 28. Kf2 Qf6 29. Be6 exf4 30. Nf7+ Rxf7 31. Bxf7 fxg3+ 32. Kg1 Qh4 0-1

[Event "XII Open A"]
[Site "Bergamo ITA"]
[Date "2013.07.20"]
[Round "4"]
[White "Buiano, Fabio"]
[Black "Negro, Roberto"]
[WhiteElo "2029"]
[BlackElo "2185"]
[Result "0-1"]
[PlyCount "60"]
[EventDate "2013.07.19"]

1. e4 g6 2. Nc3 Bg7 3. f4 d6 4. Nf3 Nf6 5. Be2 O-O 6. O-O c5 7. d3 Nc6 8. Qe1
Rb8 9. Qh4 b5 10. f5 b4 11. Nd5 Nxd5 12. exd5 Nd4 13. Nxd4 Bxd4+ 14. Kh1 Bxf5
15. Rxf5 gxf5 16. Bh6 Kh8 17. Rf1 e6 18. Bg5 f6 19. Bh6 Rg8 20. dxe6 Qe8 21.
Bh5 Qxe6 22. Re1 Be5 23. Re3 Qd5 24. Bf3 Qd4 25. Qe1 Qxb2 26. Bd5 Rg6 27. Rh3
Qxc2 28. Bd2 Bc3 29. Bxc3 bxc3 30. Bb3 Qxg2# 0-1

[Event "XII Open A"]
[Site "Bergamo ITA"]
[Date "2013.07.20"]
[Round "4"]
[White "Caprio, Guido"]
[Black "Ivanisevic, Ivan"]
[WhiteElo "2415"]
[BlackElo "2649"]
[Result "0-1"]
[PlyCount "60"]
[EventDate "2013.07.19"]

1. d4 d6 2. Nf3 Nf6 3. c4 Bf5 4. Nc3 h6 5. d5 c5 6. Nd2 g5 7. e4 Bg6 8. Be2
Nbd7 9. g3 e6 10. f4 gxf4 11. gxf4 Rg8 12. Rg1 exd5 13. cxd5 a6 14. Kf1 Qe7 15.
f5 Bh7 16. Rxg8 Nxg8 17. Nf3 Bg7 18. Qa4 Kf8 19. Bf4 Re8 20. Re1 Ngf6 21. h3
Kg8 22. Bd1 Nh5 23. Bh2 Kh8 24. Qa5 Ne5 25. Nxe5 Bxe5 26. Bxe5+ Qxe5 27. Bxh5
Bxf5 28. Bg4 Qf4+ 29. Kg2 Bxg4 30. hxg4 Rg8 0-1

[Event "XII Open A"]
[Site "Bergamo ITA"]
[Date "2013.07.20"]
[Round "4"]
[White "Castrogiovanni, Carlo"]
[Black "Messina, Enrico"]
[WhiteElo "2014"]
[BlackElo "2247"]
[Result "1/2-1/2"]
[PlyCount "60"]
[EventDate "2013.07.19"]

1. d4 Nf6 2. Nf3 c5 3. e3 e6 4. Bd3 Nc6 5. c3 b6 6. O-O Bb7 7. Nbd2 cxd4 8.
exd4 Be7 9. Qe2 Qc8 10. Re1 O-O 11. Nf1 Ne8 12. a3 f5 13. c4 Nc7 14. b4 Bf6 15.
Bb2 Ne7 16. Ng3 Ng6 17. Nh5 Ne8 18. d5 Bxb2 19. Qxb2 Nf6 20. Nxf6+ Rxf6 21. Qd4
Qc7 22. Ne5 Rc8 23. Bf1 Nf8 24. d6 Qb8 25. c5 Ng6 26. Rac1 Nxe5 27. Rxe5 Rh6
28. f4 Rh4 29. Rc3 bxc5 30. bxc5 Kh8 1/2-1/2

[Event "XII Open A"]
[Site "Bergamo ITA"]
[Date "2013.07.20"]
[Round "4"]
[White "Chiaretti, Roberto"]
[Black "Foo, William J."]
[WhiteElo "2212"]
[BlackElo "2090"]
[Result "0-1"]
[PlyCount "84"]
[EventDate "2013.07.19"]

1. e4 c6 2. d4 d5 3. Nd2 dxe4 4. Nxe4 h6 5. Bc4 Bf5 6. Ng3 Bh7 7. N1e2 e6 8.
O-O Nf6 9. Nf4 Nd5 10. Re1 Bd6 11. Qg4 Bxf4 12. Bxd5 Bxg3 13. Qxg7 Bxf2+ 14.
Kxf2 Qh4+ 15. Kf1 Rf8 16. Qxh7 cxd5 17. Qxh6 Qxd4 18. c3 Qg4 19. Qg5 Rg8 20.
Qxg4 Rxg4 21. h3 Rg7 22. Bf4 Nc6 23. Rad1 O-O-O 24. Rd3 b5 25. Rf3 Kd7 26. Bh6
Rh7 27. Bg5 Rg8 28. Bf6 Na5 29. Re2 Nc4 30. Bd4 a6 31. Ref2 f5 32. g4 e5 33.
Rxf5 exd4 34. Rxd5+ Ke6 35. Rxd4 Rxh3 36. Kg2 Re3 37. a4 Ne5 38. axb5 axb5 39.
Rff4 Re2+ 40. Kg3 Rxb2 41. Rb4 Rxb4 42. Rxb4 Rxg4+ 0-1